LEADER 01051nam a2200253 i 4500 001 000000150364 003 CaOOAMICUS 005 20181102105437.0 008 060519s1980 it u000 u ita u 013 $a127702 040 $aSeMil$bita 245 10$aVita bizantina di Barlaam e Joasaf /$cIntroduzione, versione italiana, note e repertorio biblico a cura di Silvia Ronchey e Paolo Cesaretti. 260 $aMilano :$bRusconi,$c1980. 300 $a313 p., [8] p. di tav. ;$c22 cm. 490 0 $aLe saghe [Rusconi] 700 1 $aCesaretti, Paolo <1957- >.$0(OLS)http://semarc/name/92901 700 1 $aRonchey, Silvia,$d<1958- >.$0(OLS)http://semarc/name/8511 830 3$aLe saghe.$0(OLS)http://semarc/title/419671 850 $aSeMil 852 $aSeMil$W1$xVenegono$y1$m72 60 1 *$j102510$B102510$CSeMilBibl$Z2$F111328 $81 961 $aAcquisto: Di Mano in Mano 996 $6245$aVita bizantina di Barlaam e Joasaf$9(OLS)http://semarc/title/219895 996 $6260$aMilano :$bRusconi$9(OLS)http://semarc/publisher/30258 LEADER 00971nam a2200253 4500 001 000000360671 003 CaOOAMICUS 005 20241119123109.0 008 241113s2008 it 000 u ita r 020 $a978-88-7600-291-5 040 $aSeMil$bita 100 1 $aProust, Marcel,$d<1871-1922>.$0(OLS)http://semarc/name/8342 245 10$aIn memoria delle chiese assassinate /$cMarcel Proust. 264 1$aBari :$bPalomar,$c2008. 300 $a115 p. ;$c17 cm 490 1 $aMargini ;$v77 830 0$aMargini ;$v77.$0(OLS)http://semarc/title/20540 850 $aSeMil 852 $aSeMil$W1$xVenegono$y1$m1W I 683$j252419$B251676$CSeMilBibl$Z2$F251676 $81 961 $aBuzzi mons. Franco - Omaggio 996 $6020$a978-88-7600-291-5$9(OLS)http://semarc/number/301768 996 $6245$aIn memoria delle chiese assassinate$9(OLS)http://semarc/title/451197 996 $6264$aBari :$bPalomar$9(OLS)http://semarc/publisher/33524